Direito administrativo : (Record no. 473)

MARC details
000 -LÍDER
Campo Fixo de Controle 00874nam a2200265 a 4500
001 - NÚMERO DE CONTROLE
Campo de Controle 473
003 - IDENTIFICAÇÃO DO NÚMERO DE CONTROLE
Campo de Controle BR-CuiBMT
005 - DATA E HORA DA ÚLTIMA ATUALIZAÇÃO
Campo de Controle 20231107233608.0
008 - DADOS FIXOS
Dados Fixos 230807s2010 mgba 001 0 por d
020 ## - INTERNATIONAL STANDARD BOOK NUMBER
Nº do ISBN 9788577002856
040 ## - AGÊNCIA CATALOGADORA
Código da Agência Catalogadora BR-CuiBMT
Agência que transcreveu o registro BR-CuiBMT
080 ## - Nº DA CLASSIFICAÇÃO DECIMAL UNIVERSAL
Nº Class. CDU 342.9:35
Nº edição CDU 2007
090 ## - NÚMERO DE CHAMADA
Nº classificação 342.9:35
Cutter M838d
Ano/Edição 2. ed.
100 10 - ENTRADA PRINCIPAL -- AUTOR PESSOAL
Nome pessoal Moreira, João Batista Gomes,
Datas associadas ao nome 1952-
245 10 - TÍTULO PRINCIPAL
Título principal Direito administrativo :
Subtítulo da rigidez autoritária à flexibilidade democrática /
Indicação de responsabilidade João Batista Gomes Moreira.
250 ## - EDIÇÃO
Edição 2. ed. rev., atual. e ampl.
260 ## - PUBLICAÇÃO, DISTRIBUIÇÃO, ETC.
Local de publicação Belo Horizonte:
Editora Fórum,
Data 2010.
300 ## - DESCRIÇÃO FÍSICA
N. páginas ou volumes 481 p. :
Ilustrações il. ;
Dimensões 24 cm
504 ## - NOTA DE BIBLIOGRAFIA, ETC.
Nota de bibliografia Inclui bibliografia.
650 ## - ASSUNTO TÓPICO
Cabeçalho tópico ou nome geográfico Direito administrativo
Subdivisão geográfica Brasil
650 ## - ASSUNTO TÓPICO
Cabeçalho tópico ou nome geográfico Modelos de administração
650 ## - ASSUNTO TÓPICO
Cabeçalho tópico ou nome geográfico Administração pública
Subdivisão geral Controle
650 ## - ASSUNTO TÓPICO
Cabeçalho tópico ou nome geográfico Serviço público
Subdivisão geral Administração
942 ## - ELEMENTOS DE ENTRADA ADICIONAIS (KOHA)
Fonte de classificação ou esquema de arquivamento Classificação Decimal Universal
Tipo de item do Koha Livros
Holdings
Estado: removido Estado: perdido Fonte de classificação ou esquema de arquivamento Estado: danificado Indisponível para empréstimo Localização permanente Localização atual Data de aquisição Total Checkouts Número de Chamada completo Código de barras Date last seen Número do exemplar Preço efetivo a partir de Tipo de item (Koha)
    Classificação Decimal Universal     Biblioteca da Escola Superior de Contas do TCE/MT Biblioteca da Escola Superior de Contas do TCE/MT 02/04/2013   342.9:35 M838d 2. ed. BIBTCEMT23110230 07/11/2023 Ex. 1 07/11/2023 Livros

Powered by Koha